000 00702nam a2200253Ia 4500
005 20260121114127.0
008 008 260114s9999 xx 000 0 eng d
020 _a9781119287568
037 _aEBOOK
040 _aCRL
040 _beng
040 _cCRL
041 _2eng
041 _aeng
084 _qCRL
100 _aRafael Sacks
_9971179
245 0 _aBIM Handbook: A Guide to Building Information Modeling for Owners, Designers, Engineers, Contractors, and Facility Managers, Third Edition
260 _bWiley
260 _c2018
856 _uhttps://onlinelibrary.wiley.com/doi/book/10.1002/9781119287568
942 _cEBOOK
999 _c1550434
_d1550434